| 000 | 00986nam a22003258i 4500 | ||
|---|---|---|---|
| 999 |
_c1573 _d1573 |
||
| 001 | 020854419 | ||
| 003 | UkOxU | ||
| 005 | 20230112172102.0 | ||
| 008 | 170109s2017 enka j 000|f|eng|d | ||
| 015 |
_aGBB732698 _2bnb |
||
| 016 | 7 |
_a018247703 _2Uk |
|
| 020 | _a9781407158389 (pbk.) : | ||
| 035 | _a(Uk)018247703 | ||
| 035 | _a(StEdALDL)1/3552672 | ||
| 040 |
_aStDuBDS _beng _erda _cStDuBDS |
||
| 049 | _aCROBAR | ||
| 082 | 0 | 4 |
_a823.92 KNA _223 |
| 100 | 1 |
_aKnapman, Timothy, _eauthor. |
|
| 245 | 1 | 0 |
_aPirates in the supermarket / _cTimothy Knapman ; illustrated by Sarah Warburton. |
| 263 | _a201705 | ||
| 264 | 1 |
_aLondon : _bScholastic, _c2017. |
|
| 300 |
_a1 volume : _bchiefly illustrations (colour) ; _c28 cm |
||
| 336 |
_atext _2rdacontent |
||
| 336 |
_astill image _2rdacontent |
||
| 337 |
_aunmediated _2rdamedia |
||
| 338 |
_avolume _2rdacarrier |
||
| 655 | 7 |
_aChildren's stories _vPictorial works _2gsafd |
|
| 700 | 1 |
_aWarburton, Sarah, _eartist. |
|
| 942 |
_2ddc _cNFIC |
||